00394 2200169 4500245003900000020002200039250001100061100001100072700000900083650001700092005001900109260004200128041001400170084000800184300002300192336000900215 aLupus Kecil Klasik 1cHilmanhText a978-979-22-9679-2 aCet. 2 aHilman aBoim aNovel Remaja a20230531144756 aJakartabGramedia Pustaka Utamac2013 aIndonesia a813 a376 hlm. :c20 cm. atext